Control Systems / (Record no. 36464)

MARC details
000 -LEADER
fixed length control field 00609nam a22002057a 4500
005 - DATE AND TIME OF LATEST TRANSACTION
control field 20240826152041.0
008 - FIXED-LENGTH DATA ELEMENTS--GENERAL INFORMATION
fixed length control field 240826b |||||||| |||| 00| 0 eng d
020 ## - INTERNATIONAL STANDARD BOOK NUMBER
ISBN 978-0-07-068120-0
082 ## - DEWEY DECIMAL CLASSIFICATION NUMBER
Classification number 629.8
Item number DIS-C
100 ## - MAIN ENTRY--AUTHOR
Author Name Distefano, Joseph. J
245 ## - TITLE STATEMENT
Title Control Systems /
Statement of responsibility, etc. by Joseph J. Distefano, Allen R. Stubberud, and Ivan J Williams
250 ## - EDITION STATEMENT
Edition statement 3rd ed.
260 ## - PUBLICATION, DISTRIBUTION, ETC.
Place of Publication India :
Name of publisher, distributor, etc. Tata McGraw Hill ;
Date of publication, distribution, etc. 1990
300 ## - PHYSICAL DESCRIPTION
Pages xiv, 21.9 p. :
500 ## - GENERAL NOTE
General note Include Index.
650 ## - SUBJECT ADDED ENTRY--TOPICAL TERM
Subject / Department Engineering /Computer
700 ## - ADDED ENTRY--PERSONAL NAME
Personal name Stubberud, Allen R
700 ## - ADDED ENTRY--PERSONAL NAME
Personal name Williams, Ivan. J
300 ## - PHYSICAL DESCRIPTION
-- 24 cm
952 ## - LOCATION AND ITEM INFORMATION (KOHA)
-- 0
-- 0
952 ## - LOCATION AND ITEM INFORMATION (KOHA)
-- 0
-- 0
952 ## - LOCATION AND ITEM INFORMATION (KOHA)
-- 0
-- 0
952 ## - LOCATION AND ITEM INFORMATION (KOHA)
-- 0
-- 0
Holdings
Lost status Damaged status Collection code Permanent Location Current Location Shelving Location Date acquired Full Call Number Accession No./Barcode Date last seen Copy number item type Koha item type
    Engineering Superior Information Resource Center (SIRC) Superior University- Central Library Superior Information Resource Center (SIRC) Superior University- Central Library Engineeing 08/26/2024 629.8 DIS-C 2012 8645 08/26/2024 1 BOOK BOOK
    Engineering Superior Information Resource Center (SIRC) Superior University- Central Library Superior Information Resource Center (SIRC) Superior University- Central Library Engineeing 08/26/2024 629.8 DIS-C 2012 8646 08/26/2024 2 BOOK BOOK
    Engineering Superior Information Resource Center (SIRC) Superior University- Central Library Superior Information Resource Center (SIRC) Superior University- Central Library Engineeing 08/26/2024 629.8 DIS-C 2012 8647 08/26/2024 3 BOOK BOOK
    Engineering Superior Information Resource Center (SIRC) Superior University- Central Library Superior Information Resource Center (SIRC) Superior University- Central Library Engineeing 08/26/2024 629.8 DIS-C 2012 8648 08/26/2024 4 BOOK BOOK

Powered by Koha